000 00491nam a2200229Ia 4500
001 109687
003 YMCAF
005 20230512162359.0
008 100717s2004 ||||||||||||||||| ||und|d
024 _a109687
035 _aWB674
040 _aYMCAF
_beng
_cIN-KoLT
041 _aeng
082 _a005.446
_b9 PET
100 _aPeterson, R L
245 0 _aComplete reference Linux
250 _a5th
260 _bTMH
_c2004
300 _a923
500 _aWith CD
942 _2ddc
_cBK
999 _c11590
_d11590